Understanding artificial intelligence (Record no. 348956)

000 -LEADER
fixed length control field 00342cam a22001217a 4500
008 - FIXED-LENGTH DATA ELEMENTS--GENERAL INFORMATION
fixed length control field 180718b1986 xxu||||| |||| 00| 0 eng d
082 ## - DEWEY DECIMAL CLASSIFICATION NUMBER
Classification number I5372 M687
100 ## - MAIN ENTRY--PERSONAL NAME
Personal name Mishkoff, Henry C.
245 ## - TITLE STATEMENT
Title Understanding artificial intelligence
Statement of responsibility, etc. by Henry C. Mishkoff
260 ## - PUBLICATION, DISTRIBUTION, ETC.
Place of publication, distribution, etc. Delhi
Name of publisher, distributor, etc. BPB
Date of publication, distribution, etc. 1986
300 ## - PHYSICAL DESCRIPTION
Extent 258p.
650 ## - SUBJECT ADDED ENTRY--TOPICAL TERM
Topical term or geographic name entry element Artificial intelligence
Holdings
Withdrawn status Lost status Damaged status Not for loan Permanent Location Current Location Date acquired Total Checkouts Full call number Barcode Date last seen Date last checked out Price effective from Koha item type
        Indian Institute of Public Administration Indian Institute of Public Administration 1993-10-27 1 I5372 M687 66024 2024-04-26 2023-07-25 2018-07-21 Book

Powered by Koha